I speak of freedom: a statement of African ideology. (Record no. 413189)

000 -LEADER
fixed length control field 00401cam a22001337a 4500
008 - FIXED-LENGTH DATA ELEMENTS--GENERAL INFORMATION
fixed length control field 180718b1961 xxu||||| |||| 00| 0 eng d
082 ## - DEWEY DECIMAL CLASSIFICATION NUMBER
Classification number A6x667 N659
100 ## - MAIN ENTRY--PERSONAL NAME
Personal name Nerumah, Kwame
245 ## - TITLE STATEMENT
Title I speak of freedom: a statement of African ideology.
Statement of responsibility, etc. by Kwame Nkrumah
260 ## - PUBLICATION, DISTRIBUTION, ETC.
Place of publication, distribution, etc. London
Name of publisher, distributor, etc. Heinemann
Date of publication, distribution, etc. 1961
300 ## - PHYSICAL DESCRIPTION
Extent xiv, 291p
650 ## - SUBJECT ADDED ENTRY--TOPICAL TERM
Topical term or geographic name entry element Africa -Politics and government.
650 ## - SUBJECT ADDED ENTRY--TOPICAL TERM
Topical term or geographic name entry element Ghana -History
Holdings
Withdrawn status Lost status Damaged status Not for loan Permanent Location Current Location Date acquired Full call number Barcode Date last seen Price effective from Koha item type
        Indian Institute of Public Administration Indian Institute of Public Administration 2009-02-11 A6x667 N659 27497 2018-07-21 2018-07-21 Book

Powered by Koha